National Assembly Library of Thailand

บรรณนิทัศน์งานเขียนของ ม.ร.ว.คึกฤทธิ์ ปราโมช (ระเบียนเลขที่ 26424)

รายละเอียดในรูปแบบ MARC
000 -LEADER
fixed length control field 01155nam a22002297a 4500
005 - DATE AND TIME OF LATEST TRANSACTION
control field 20240724233206.0
008 - FIXED-LENGTH DATA ELEMENTS--GENERAL INFORMATION
fixed length control field s2539 th tha d
041 ## - LANGUAGE CODE
Language code of text/sound track or separate title tha
050 ## - LIBRARY OF CONGRESS CALL NUMBER
Classification number Z8468.37
Item number น581บ 2539
100 0# - MAIN ENTRY--PERSONAL NAME
Personal name นิติ กสิโกศล
245 10 - TITLE STATEMENT
Title บรรณนิทัศน์งานเขียนของ ม.ร.ว.คึกฤทธิ์ ปราโมช
260 3# - PUBLICATION, DISTRIBUTION, ETC.
Place of publication, distribution, etc. กรุงเทพฯ :
Name of publisher, distributor, etc. มหาวิทยาลัยธรรมศาสตร์,
Date of publication, distribution, etc. 2539
300 ## - PHYSICAL DESCRIPTION
Extent 258 หน้า ;
Other physical details 29 ซม.
650 04 - SUBJECT ADDED ENTRY--TOPICAL TERM
Topical term or geographic name entry element คึกฤทธิ์ ปราโมช, ม.ร.ว. -- บทคัดย่อ -- วิจัย
650 04 - SUBJECT ADDED ENTRY--TOPICAL TERM
Topical term or geographic name entry element คึกฤทธิ์ ปราโมช, ม.ร.ว. -- บรรณนิทัศน์ -- วิจัย
650 04 - SUBJECT ADDED ENTRY--TOPICAL TERM
Topical term or geographic name entry element คึกฤทธิ์ ปราโมช, ม.ร.ว. -- บรรณานุกรม -- วิจัย
650 04 - SUBJECT ADDED ENTRY--TOPICAL TERM
Topical term or geographic name entry element คึกฤทธิ์ ปราโมช, ม.ร.ว. -- ผลงาน -- วิจัย
850 ## - HOLDING INSTITUTION
Holding institution NALT
942 ## - ADDED ENTRY ELEMENTS (KOHA)
Koha item type Research/Thesis
997 ## -
-- 000000000026424
998 ## - LOCAL CONTROL INFORMATION (RLIN)
-- Narumon Suwan
รายการที่มีในห้องสมุด
Withdrawn status Lost status Damaged status Not for loan Collection code Home library Current library Total Checkouts Full call number Barcode Date last seen Price effective from Koha item type
        Research & Theses collection National Assembly Library of Thailand National Assembly Library of Thailand   ว Z8468.37 น581บ 2539 3961133020 09/06/2017 09/06/2017 Research/Thesis
หอสมุดรัฐสภา
สำนักงานเลขาธิการสภาผู้แทนราษฎร เลขที่ 1111 ถนนสามเสน แขวงถนนนครไชยศรี เขตดุสิต กรุงเทพฯ 10300
The Secretariat of the House of Representatives 1111 Samsen Road, Thanon Nakhon Chai Si, Dusit, Bangkok 10300, THAILAND
โทรศัพท์: +66(0) 2242 5900 ต่อ 5714-5 โทรสาร: +66(0) 2242 5990 อีเมล: [email protected]